000
00202nam a22000857a 4500
999
_c
4740
_d
4740
008
161208b xxu||||| |||| 00| 0 eng d
020
_a
9788178692333
100
_9
1948
_a
Mehta.N.
245
_a
Soup Salad
260
_a
New Delhi
_b
Snas
_c
2011